[Event "Team Championship (women blitz)"]
[Site "Sochi"]
[Date "2017.10.05"]
[Round "1.1"]
[White "Pogonina, Natalija"]
[Black "Ubiennykh, Ekaterina"]
[Result "1-0"]
[LiveChessVersion "1.4.8"]
[BlackElo "2364"]
[WhiteElo "2401"]

1. d4 {[%clk 0:03:02]} Nf6 {[%clk 0:03:03]} 2. Nf3 {[%clk 0:03:02]} g6
{[%clk 0:03:04]} 3. Nbd2 {[%clk 0:03:02]} c5 {[%clk 0:03:05]} 4. dxc5
{[%clk 0:03:02]} Qa5 {[%clk 0:03:06]} 5. a3 {[%clk 0:03:02]} Qxc5
{[%clk 0:03:07]} 6. b4 {[%clk 0:03:03]} Qc7 {[%clk 0:03:08]} 7. c4
{[%clk 0:03:03]} Bg7 {[%clk 0:03:08]} 8. Bb2 {[%clk 0:03:03]} b6 {[%clk 0:03:08]}
9. e3 {[%clk 0:03:03]} Bb7 {[%clk 0:03:09]} 10. Be2 {[%clk 0:03:04]} O-O
{[%clk 0:03:09]} 11. O-O {[%clk 0:03:03]} d6 {[%clk 0:03:10]} 12. Rc1
{[%clk 0:03:02]} Nbd7 {[%clk 0:03:11]} 13. Qb3 {[%clk 0:03:00]} Rac8
{[%clk 0:03:05]} 14. Qa2 {[%clk 0:02:58]} Qb8 {[%clk 0:03:06]} 15. Qa1
{[%clk 0:02:58]} a6 {[%clk 0:02:44]} 16. Rfd1 {[%clk 0:02:55]} Qa8
{[%clk 0:02:38]} 17. h3 {[%clk 0:02:45]} Rfd8 {[%clk 0:02:36]} 18. Nb3
{[%clk 0:02:37]} d5 {[%clk 0:02:21]} 19. c5 {[%clk 0:02:28]} bxc5
{[%clk 0:02:08]} 20. Nxc5 {[%clk 0:02:27]} Nxc5 {[%clk 0:02:04]} 21. bxc5
{[%clk 0:02:23]} a5 {[%clk 0:01:59]} 22. Bd4 {[%clk 0:02:15]} Ba6
{[%clk 0:01:55]} 23. Bxa6 {[%clk 0:02:09]} Qxa6 {[%clk 0:01:56]} 24. Rb1
{[%clk 0:02:06]} Rb8 {[%clk 0:01:44]} 25. Rb6 {[%clk 0:02:01]} Qc4
{[%clk 0:01:18]} 26. Rdb1 {[%clk 0:01:54]} Rbc8 {[%clk 0:01:16]} 27. Rc1
{[%clk 0:01:50]} Qa4 {[%clk 0:01:16]} 28. c6 {[%clk 0:01:43]} Rd6
{[%clk 0:01:03]} 29. Ne5 {[%clk 0:01:12]} Ne4 {[%clk 0:00:55]} 30. Qb2
{[%clk 0:00:45]} f6 {[%clk 0:00:34]} 31. Rb8 {[%clk 0:00:46]} Rdd8
{[%clk 0:00:30]} 32. c7 {[%clk 0:00:44]} Re8 {[%clk 0:00:10]} 33. Qb7
{[%clk 0:00:41]} Nd6 {[%clk 0:00:03]} 34. Qxd5+ {[%clk 0:00:41]} Kh8
{[%clk 0:00:04]} 35. Nf7+ {[%clk 0:00:36]} Nxf7 {[%clk 0:00:05]} 36. Qxf7
{[%clk 0:00:36]} Qxa3 {[%clk 0:00:06]} 37. Qxe8+ {[%clk 0:00:34]} Rxe8
{[%clk 0:00:04]} 38. Rxe8+ {[%clk 0:00:34]} Bf8 {[%clk 0:00:05]} 39. Rxf8+
{[%clk 0:00:33]} Kg7 {[%clk 0:00:07]} 40. c8=Q {[%clk 0:00:33]} 1-0

[Event "Team Championship (women blitz)"]
[Site "Sochi"]
[Date "2017.10.05"]
[Round "1.2"]
[White "Bivol, Alina"]
[Black "Girya, Olga"]
[Result "0-1"]
[LiveChessVersion "1.4.8"]
[BlackElo "2338"]
[WhiteElo "2308"]

1. Nf3 {[%clk 0:03:03]} d5 2. g3 {[%clk 0:03:03]} Bg4 {[%clk 0:03:04]} 3. Bg2
{[%clk 0:03:04]} c6 {[%clk 0:03:05]} 4. d3 {[%clk 0:03:05]} Nd7 {[%clk 0:03:03]}
5. O-O {[%clk 0:03:05]} Ngf6 {[%clk 0:03:04]} 6. h3 {[%clk 0:03:06]} Bxf3
{[%clk 0:03:04]} 7. Bxf3 {[%clk 0:03:08]} e5 {[%clk 0:03:05]} 8. Bg2
{[%clk 0:03:09]} Bc5 {[%clk 0:03:05]} 9. c4 {[%clk 0:03:10]} d4 {[%clk 0:03:06]}
10. e3 {[%clk 0:02:39]} O-O {[%clk 0:02:58]} 11. exd4 {[%clk 0:02:39]} Bxd4
{[%clk 0:02:59]} 12. Nd2 {[%clk 0:02:36]} Nc5 {[%clk 0:02:40]} 13. Nf3
{[%clk 0:02:32]} Nxd3 {[%clk 0:02:30]} 14. Nxd4 {[%clk 0:02:21]} Qxd4
{[%clk 0:02:31]} 15. Be3 {[%clk 0:02:22]} Qxc4 {[%clk 0:02:28]} 16. b3
{[%clk 0:02:07]} Qc3 {[%clk 0:02:27]} 17. Qe2 {[%clk 0:01:55]} e4
{[%clk 0:01:55]} 18. Rad1 {[%clk 0:01:30]} Rfe8 {[%clk 0:01:51]} 19. Kh2
{[%clk 0:01:25]} h6 {[%clk 0:01:46]} 20. Rd2 {[%clk 0:01:22]} Qa5
{[%clk 0:01:34]} 21. Bxe4 {[%clk 0:01:13]} Nxe4 {[%clk 0:01:30]} 22. Rxd3
{[%clk 0:01:13]} Qf5 {[%clk 0:01:19]} 23. Qc2 {[%clk 0:00:37]} Nxg3
{[%clk 0:01:05]} 24. Kxg3 {[%clk 0:00:31]} Rxe3+ {[%clk 0:01:05]} 25. fxe3
{[%clk 0:00:29]} Qxf1 {[%clk 0:01:06]} 26. Qd2 {[%clk 0:00:18]} Qf6
{[%clk 0:00:47]} 27. Rd7 {[%clk 0:00:16]} b5 {[%clk 0:00:40]} 28. Rd6
{[%clk 0:00:14]} Qg5+ {[%clk 0:00:40]} 29. Kh2 {[%clk 0:00:13]} Re8
{[%clk 0:00:38]} 30. Rxc6 {[%clk 0:00:11]} Rxe3 {[%clk 0:00:36]} 31. Rc8+
{[%clk 0:00:10]} Kh7 {[%clk 0:00:38]} 32. Qc2+ {[%clk 0:00:12]} f5
{[%clk 0:00:37]} 33. Rc5 {[%clk 0:00:11]} Qg3+ {[%clk 0:00:36]} 0-1

[Event "Team Championship (women blitz)"]
[Site "Sochi"]
[Date "2017.10.05"]
[Round "1.3"]
[White "Nechaeva, Marina"]
[Black "Tomilova, Elena"]
[Result "0-1"]
[LiveChessVersion "1.4.8"]
[BlackElo "2279"]
[WhiteElo "2347"]

1. d4 {[%clk 0:03:03]} d5 {[%clk 0:03:04]} 2. c4 {[%clk 0:03:03]} c6
{[%clk 0:03:05]} 3. Nc3 {[%clk 0:03:04]} dxc4 {[%clk 0:03:02]} 4. e3
{[%clk 0:03:04]} b5 {[%clk 0:03:03]} 5. a4 {[%clk 0:03:05]} b4 {[%clk 0:03:04]}
6. Ne4 {[%clk 0:03:05]} Nf6 {[%clk 0:03:04]} 7. Ng3 {[%clk 0:03:00]} e5
{[%clk 0:02:43]} 8. Bxc4 {[%clk 0:02:30]} exd4 {[%clk 0:02:44]} 9. exd4
{[%clk 0:02:31]} Be7 {[%clk 0:02:42]} 10. Nf3 {[%clk 0:02:30]} O-O
{[%clk 0:02:39]} 11. O-O {[%clk 0:02:24]} Bb7 {[%clk 0:02:21]} 12. Nf5
{[%clk 0:02:04]} Nbd7 {[%clk 0:01:58]} 13. Re1 {[%clk 0:01:35]} Re8
{[%clk 0:01:54]} 14. Ng5 {[%clk 0:00:40]} Nd5 15. Bd2 {[%clk 0:00:09]} N7b6
{[%clk 0:01:27]} 16. Nxe7+ {[%clk 0:00:08]} Rxe7 {[%clk 0:01:28]} 17. Bd3
{[%clk 0:00:09]} Rxe1+ {[%clk 0:01:20]} 18. Qxe1 {[%clk 0:00:10]} h6
{[%clk 0:01:21]} 19. Qe4 {[%clk 0:00:06]} Nf6 {[%clk 0:01:18]} 20. Qf5
{[%clk 0:00:00]} 0-1

[Event "Team Championship (women blitz)"]
[Site "Sochi"]
[Date "2017.10.05"]
[Round "1.4"]
[White "Travkina, Anastasia"]
[Black "Kovanova, Baira"]
[Result "1/2-1/2"]
[LiveChessVersion "1.4.8"]
[BlackElo "2286"]
[WhiteElo "2099"]

1. e4 {[%clk 0:03:03]} e5 {[%clk 0:03:03]} 2. Nf3 {[%clk 0:03:03]} d6
{[%clk 0:03:03]} 3. Bc4 {[%clk 0:03:02]} Be7 {[%clk 0:02:56]} 4. O-O
{[%clk 0:02:59]} Nf6 {[%clk 0:02:55]} 5. Re1 {[%clk 0:02:56]} Nc6
{[%clk 0:02:37]} 6. d3 {[%clk 0:02:55]} O-O {[%clk 0:02:36]} 7. a4
{[%clk 0:02:55]} Bg4 {[%clk 0:02:28]} 8. Nbd2 {[%clk 0:02:53]} Qd7
{[%clk 0:02:27]} 9. Nf1 {[%clk 0:02:50]} Nd4 {[%clk 0:02:22]} 10. N1d2
{[%clk 0:02:42]} Ne6 {[%clk 0:02:00]} 11. h3 {[%clk 0:02:37]} Bh5
{[%clk 0:02:01]} 12. Nf1 {[%clk 0:02:30]} Nd4 {[%clk 0:01:33]} 13. N1d2
{[%clk 0:02:19]} Ne6 14. Nf1 Nd4 {[%clk 0:01:19]} 15. N1d2 {[%clk 0:02:20]} Ne6
{[%clk 0:01:18]} 16. Nf1 {[%clk 0:02:21]} 1/2-1/2

[Event "Team Championship (women blitz)"]
[Site "Sochi"]
[Date "2017.10.05"]
[Round "1.5"]
[White "Garifullina, Leya"]
[Black "Ambartsumova, Karina"]
[Result "1/2-1/2"]
[LiveChessVersion "1.4.8"]
[BlackElo "2347"]
[WhiteElo "1872"]

1. e4 {[%clk 0:03:02]} c5 {[%clk 0:03:03]} 2. Nf3 {[%clk 0:03:03]} Nc6
{[%clk 0:03:04]} 3. Bb5 {[%clk 0:03:03]} e6 {[%clk 0:03:05]} 4. Bxc6
{[%clk 0:03:02]} bxc6 {[%clk 0:03:05]} 5. O-O {[%clk 0:03:02]} Ne7
{[%clk 0:02:56]} 6. d3 {[%clk 0:02:54]} Ng6 {[%clk 0:02:56]} 7. e5
{[%clk 0:02:16]} Be7 {[%clk 0:02:56]} 8. b3 {[%clk 0:01:55]} O-O {[%clk 0:02:56]}
9. Bb2 {[%clk 0:01:54]} f6 {[%clk 0:02:51]} 10. Nbd2 {[%clk 0:01:48]} fxe5
{[%clk 0:02:49]} 11. Nxe5 {[%clk 0:01:39]} Nxe5 {[%clk 0:02:48]} 12. Bxe5
{[%clk 0:01:39]} d6 {[%clk 0:02:49]} 13. Bg3 {[%clk 0:01:27]} e5 {[%clk 0:02:33]}
14. Nc4 {[%clk 0:00:59]} Bg5 {[%clk 0:02:23]} 15. Qe1 {[%clk 0:00:39]} Qf6
{[%clk 0:02:07]} 16. Nd2 {[%clk 0:00:28]} Bd7 {[%clk 0:01:50]} 17. Ne4 Qh6 18.
Nxg5 {[%clk 0:00:27]} Qxg5 {[%clk 0:01:53]} 19. Qe3 {[%clk 0:00:28]} Qxe3
{[%clk 0:01:08]} 20. fxe3 {[%clk 0:00:28]} Rfe8 {[%clk 0:01:08]} 21. e4
{[%clk 0:00:14]} a5 {[%clk 0:01:06]} 22. a4 {[%clk 0:00:14]} d5 {[%clk 0:00:59]}
23. Rae1 {[%clk 0:00:13]} d4 {[%clk 0:00:43]} 24. Rf2 {[%clk 0:00:13]} h6
{[%clk 0:00:28]} 25. h3 {[%clk 0:00:14]} Re7 {[%clk 0:00:19]} 26. Ref1
{[%clk 0:00:13]} Rae8 {[%clk 0:00:12]} 27. Rf3 {[%clk 0:00:14]} g5
{[%clk 0:00:10]} 28. Rf6 {[%clk 0:00:12]} Re6 {[%clk 0:00:10]} 29. Rf7
{[%clk 0:00:12]} R6e7 {[%clk 0:00:10]} 30. R7f6 {[%clk 0:00:13]} Re6
{[%clk 0:00:11]} 31. Rf7 {[%clk 0:00:14]} R6e7 {[%clk 0:00:11]} 32. Rxe7
{[%clk 0:00:14]} Rxe7 {[%clk 0:00:12]} 33. Rf6 {[%clk 0:00:15]} Kg7
{[%clk 0:00:13]} 34. Rf1 {[%clk 0:00:15]} Bc8 {[%clk 0:00:10]} 35. Be1
{[%clk 0:00:15]} Ra7 {[%clk 0:00:11]} 36. Bg3 {[%clk 0:00:16]} Re7
{[%clk 0:00:12]} 37. Be1 {[%clk 0:00:17]} Ra7 {[%clk 0:00:13]} 38. Bg3
{[%clk 0:00:18]} Re7 {[%clk 0:00:14]} 39. Be1 {[%clk 0:00:19]} Ra7
{[%clk 0:00:15]} 40. Bg3 {[%clk 0:00:14]} Re7 {[%clk 0:00:17]} 41. Be1
{[%clk 0:00:14]} Ra7 {[%clk 0:00:18]} 42. Bg3 {[%clk 0:00:15]} Re7
{[%clk 0:00:19]} 43. Be1 {[%clk 0:00:16]} Ra7 {[%clk 0:00:21]} 44. Bg3
{[%clk 0:00:18]} Re7 {[%clk 0:00:22]} 45. Be1 {[%clk 0:00:19]} Ra7
{[%clk 0:00:23]} 46. Bg3 {[%clk 0:00:20]} Re7 {[%clk 0:00:25]} 47. Be1
{[%clk 0:00:21]} Ra7 {[%clk 0:00:26]} 48. Bg3 {[%clk 0:00:22]} Re7
{[%clk 0:00:27]} 49. Be1 {[%clk 0:00:23]} Ra7 {[%clk 0:00:28]} 50. Bg3
{[%clk 0:00:24]} Re7 {[%clk 0:00:29]} 51. Be1 {[%clk 0:00:26]} Ra7
{[%clk 0:00:30]} 52. Bg3 {[%clk 0:00:27]} Re7 {[%clk 0:00:31]} 53. Be1
{[%clk 0:00:28]} Ra7 {[%clk 0:00:32]} 54. Bg3 {[%clk 0:00:29]} Re7
{[%clk 0:00:29]} 55. h4 {[%clk 0:00:13]} Bg4 {[%clk 0:00:16]} 56. hxg5
{[%clk 0:00:08]} hxg5 {[%clk 0:00:17]} 57. Be1 Ra7 58. Bg3 {[%clk 0:00:10]} Re7
{[%clk 0:00:20]} 59. Be1 {[%clk 0:00:11]} Ra7 {[%clk 0:00:21]} 60. Bd2
{[%clk 0:00:10]} Kg6 {[%clk 0:00:16]} 61. Kh2 {[%clk 0:00:08]} Be2
{[%clk 0:00:14]} 62. Re1 {[%clk 0:00:10]} Bg4 {[%clk 0:00:14]} 63. Rf1
{[%clk 0:00:11]} Be2 {[%clk 0:00:15]} 64. Re1 {[%clk 0:00:12]} Bg4
{[%clk 0:00:16]} 65. Rf1 {[%clk 0:00:13]} Be2 {[%clk 0:00:17]} 66. Re1
{[%clk 0:00:15]} Bg4 {[%clk 0:00:18]} 67. Kg3 {[%clk 0:00:16]} Bh5
{[%clk 0:00:19]} 68. Rf1 {[%clk 0:00:16]} Be2 {[%clk 0:00:19]} 69. Rf5
{[%clk 0:00:14]} Bd1 {[%clk 0:00:15]} 70. Rxg5+ {[%clk 0:00:12]} Kf6
{[%clk 0:00:16]} 71. Rf5+ {[%clk 0:00:05]} Ke6 {[%clk 0:00:17]} 72. Rg5
{[%clk 0:00:06]} Bxc2 {[%clk 0:00:17]} 73. Rg6+ {[%clk 0:00:07]} Kf7
{[%clk 0:00:15]} 74. Rxc6 {[%clk 0:00:07]} Bxd3 {[%clk 0:00:07]} 75. Rxc5
{[%clk 0:00:08]} Bxe4 {[%clk 0:00:08]} 76. Rxe5 Bc2 {[%clk 0:00:07]} 77. Rxa5
{[%clk 0:00:09]} Rxa5 {[%clk 0:00:06]} 78. Bxa5 {[%clk 0:00:10]} Bxb3
{[%clk 0:00:06]} 79. Kf4 {[%clk 0:00:11]} Bxa4 {[%clk 0:00:07]} 80. Ke4
{[%clk 0:00:12]} Bc6+ {[%clk 0:00:09]} 81. Kxd4 {[%clk 0:00:13]} Bxg2
{[%clk 0:00:10]} 82. Ke4 1/2-1/2

[Event "Team Championship (women blitz)"]
[Site "Sochi"]
[Date "2017.10.05"]
[Round "1.6"]
[White "Nebolsina, Vera"]
[Black "Stepanyan, Eva"]
[Result "1-0"]
[LiveChessVersion "1.4.8"]
[BlackElo "1760"]
[WhiteElo "2176"]

1. e4 {[%clk 0:03:02]} e5 {[%clk 0:03:02]} 2. Nf3 {[%clk 0:03:03]} Nc6
{[%clk 0:03:02]} 3. Nc3 {[%clk 0:03:01]} Nf6 {[%clk 0:03:03]} 4. d4
{[%clk 0:03:02]} exd4 {[%clk 0:02:57]} 5. Nxd4 {[%clk 0:03:02]} Bb4
{[%clk 0:02:45]} 6. Nxc6 {[%clk 0:03:02]} bxc6 {[%clk 0:02:45]} 7. Bd3
{[%clk 0:03:01]} O-O {[%clk 0:02:43]} 8. O-O {[%clk 0:02:58]} d5 {[%clk 0:02:44]}
9. exd5 {[%clk 0:02:32]} cxd5 {[%clk 0:02:44]} 10. h3 {[%clk 0:02:30]} c6
{[%clk 0:02:28]} 11. Qf3 {[%clk 0:02:27]} h6 {[%clk 0:02:23]} 12. Bf4
{[%clk 0:02:27]} Bd6 {[%clk 0:02:15]} 13. Ne2 {[%clk 0:02:18]} c5
{[%clk 0:01:57]} 14. c4 {[%clk 0:02:00]} Be6 {[%clk 0:01:44]} 15. Rad1
{[%clk 0:01:52]} d4 {[%clk 0:01:34]} 16. Ng3 {[%clk 0:01:25]} Bxf4
{[%clk 0:01:08]} 17. Qxf4 {[%clk 0:01:25]} Qb8 {[%clk 0:01:03]} 18. Qd2
{[%clk 0:01:23]} Qd6 {[%clk 0:00:59]} 19. f4 {[%clk 0:01:21]} Rab8
{[%clk 0:00:56]} 20. Qf2 {[%clk 0:01:17]} Rb4 {[%clk 0:00:39]} 21. b3
{[%clk 0:01:17]} a5 {[%clk 0:00:37]} 22. Bc2 {[%clk 0:01:08]} Rbb8
{[%clk 0:00:34]} 23. Qf3 {[%clk 0:01:07]} Bd7 {[%clk 0:00:32]} 24. Qd3
{[%clk 0:01:08]} Rfe8 1-0

[Event "Team Championship (women blitz)"]
[Site "Sochi"]
[Date "2017.10.05"]
[Round "1.7"]
[White "Chekletsova, Darya"]
[Black "Shafigullina, Zarina"]
[Result "0-1"]
[LiveChessVersion "1.4.8"]
[BlackElo "2041"]
[WhiteElo "1383"]

1. d4 {[%clk 0:03:03]} Nf6 {[%clk 0:03:03]} 2. c4 {[%clk 0:03:04]} e6
{[%clk 0:03:04]} 3. Nc3 {[%clk 0:03:04]} Bb4 {[%clk 0:03:05]} 4. Qc2
{[%clk 0:03:05]} c5 {[%clk 0:03:05]} 5. a3 {[%clk 0:03:05]} Bxc3+
{[%clk 0:02:59]} 6. Qxc3 {[%clk 0:03:06]} cxd4 {[%clk 0:02:58]} 7. Qxd4
{[%clk 0:03:06]} Nc6 {[%clk 0:02:59]} 8. Qd1 {[%clk 0:03:06]} d5 {[%clk 0:02:58]}
9. cxd5 {[%clk 0:03:05]} Nxd5 {[%clk 0:02:55]} 10. Nf3 {[%clk 0:03:03]} O-O
{[%clk 0:02:55]} 11. e3 {[%clk 0:03:00]} Qb6 {[%clk 0:02:44]} 12. Bd3
{[%clk 0:02:56]} Rd8 {[%clk 0:02:41]} 13. Qe2 {[%clk 0:02:49]} h6
{[%clk 0:02:34]} 14. O-O {[%clk 0:02:48]} Bd7 {[%clk 0:02:26]} 15. h3
{[%clk 0:02:32]} Rac8 {[%clk 0:02:26]} 16. Rd1 {[%clk 0:02:02]} Na5
{[%clk 0:02:27]} 17. e4 {[%clk 0:01:49]} Nb3 {[%clk 0:01:52]} 18. Rb1
{[%clk 0:01:42]} Nxc1 {[%clk 0:01:50]} 19. Rdxc1 {[%clk 0:01:39]} Rxc1+
{[%clk 0:01:25]} 20. Rxc1 {[%clk 0:01:39]} Nf4 {[%clk 0:01:26]} 21. Qd2
{[%clk 0:01:09]} Nxd3 {[%clk 0:01:19]} 22. Qxd3 {[%clk 0:01:09]} Bc6
{[%clk 0:01:16]} 23. Qe2 {[%clk 0:01:03]} Bb5 {[%clk 0:01:10]} 24. Qc2
{[%clk 0:00:55]} Bd3 {[%clk 0:01:07]} 25. Qc3 {[%clk 0:00:45]} Bxe4
{[%clk 0:00:59]} 26. Ne5 {[%clk 0:00:34]} Qd6 {[%clk 0:00:36]} 27. Re1
{[%clk 0:00:07]} Bd5 {[%clk 0:00:37]} 28. Qe3 {[%clk 0:00:06]} b6
{[%clk 0:00:18]} 29. Nf3 {[%clk 0:00:07]} Qc5 {[%clk 0:00:14]} 30. Qe2
{[%clk 0:00:06]} Bxf3 {[%clk 0:00:07]} 31. Qxf3 {[%clk 0:00:07]} Qd5
{[%clk 0:00:08]} 32. Qe3 {[%clk 0:00:07]} Qd2 {[%clk 0:00:09]} 33. Qe5
{[%clk 0:00:06]} Qd4 {[%clk 0:00:09]} 34. Qe2 {[%clk 0:00:07]} Qd2
{[%clk 0:00:09]} 35. Qe5 {[%clk 0:00:08]} Rd5 {[%clk 0:00:08]} 36. Qb8+
{[%clk 0:00:08]} Kh7 {[%clk 0:00:09]} 37. Rf1 {[%clk 0:00:07]} Qxb2
{[%clk 0:00:05]} 38. Qxa7 {[%clk 0:00:07]} Rf5 {[%clk 0:00:05]} 39. Qe7
{[%clk 0:00:07]} Qb5 {[%clk 0:00:03]} 40. Qd6 {[%clk 0:00:05]} Qb3
{[%clk 0:00:05]} 41. Qe7 {[%clk 0:00:06]} Qb5 {[%clk 0:00:06]} 42. Qd6
{[%clk 0:00:07]} Qb3 {[%clk 0:00:06]} 43. Qe7 {[%clk 0:00:08]} b5
{[%clk 0:00:07]} 44. Qd6 {[%clk 0:00:08]} Qa4 {[%clk 0:00:06]} 45. Qe7
{[%clk 0:00:07]} Qa6 46. Qf8 {[%clk 0:00:06]} Qc6 {[%clk 0:00:06]} 47. Qb4
{[%clk 0:00:06]} Qc5 {[%clk 0:00:06]} 48. Qb2 {[%clk 0:00:06]} Qc4
{[%clk 0:00:05]} 49. Rc1 {[%clk 0:00:06]} Qe4 {[%clk 0:00:04]} 50. Rf1
{[%clk 0:00:06]} Qc4 {[%clk 0:00:06]} 51. Rc1 {[%clk 0:00:07]} Qe4
{[%clk 0:00:07]} 52. Rf1 {[%clk 0:00:08]} Qf4 {[%clk 0:00:07]} 53. Qc2
{[%clk 0:00:07]} Qc4 {[%clk 0:00:08]} 54. Qb2 {[%clk 0:00:08]} Qa4
{[%clk 0:00:09]} 55. Rc1 {[%clk 0:00:08]} Qf4 {[%clk 0:00:09]} 56. Rf1
{[%clk 0:00:08]} Qa4 {[%clk 0:00:10]} 57. Rc1 {[%clk 0:00:09]} Qe4
{[%clk 0:00:06]} 58. Rf1 {[%clk 0:00:10]} Rf4 {[%clk 0:00:05]} 59. Qa2
{[%clk 0:00:09]} Rf5 {[%clk 0:00:06]} 60. Qb2 {[%clk 0:00:10]} Qa4
{[%clk 0:00:06]} 61. Rc1 {[%clk 0:00:10]} Qf4 {[%clk 0:00:05]} 62. Rf1
{[%clk 0:00:11]} Rd5 {[%clk 0:00:05]} 63. Qb3 {[%clk 0:00:05]} Qc4
{[%clk 0:00:05]} 64. Qb2 {[%clk 0:00:06]} Qd4 {[%clk 0:00:05]} 65. Qb3
{[%clk 0:00:07]} Qd3 {[%clk 0:00:06]} 66. Qb4 {[%clk 0:00:07]} Qc4
{[%clk 0:00:05]} 67. Qe7 {[%clk 0:00:07]} Rf5 {[%clk 0:00:05]} 68. Qd6
{[%clk 0:00:07]} Qd5 {[%clk 0:00:06]} 69. Qb4 {[%clk 0:00:08]} Qc4
{[%clk 0:00:07]} 70. Qb2 {[%clk 0:00:08]} Qa4 {[%clk 0:00:06]} 71. Rc1
{[%clk 0:00:08]} Qf4 {[%clk 0:00:07]} 72. Rf1 {[%clk 0:00:09]} Rg5
{[%clk 0:00:08]} 73. Qc2+ {[%clk 0:00:07]} Qf5 {[%clk 0:00:08]} 74. Qc6
{[%clk 0:00:07]} Qxh3 {[%clk 0:00:08]} 75. f3 {[%clk 0:00:03]} Qxg2#
{[%clk 0:00:08]} 0-1

[Event "Team Championship (women blitz)"]
[Site "Sochi"]
[Date "2017.10.05"]
[Round "1.8"]
[White "Markelova, Lubov"]
[Black "Murzina, Agata"]
[Result "1-0"]
[LiveChessVersion "1.4.8"]
[BlackElo "1764"]
[WhiteElo "2068"]

1. Nf3 {[%clk 0:03:03]} g6 {[%clk 0:03:02]} 2. c4 {[%clk 0:03:04]} Bg7
{[%clk 0:03:03]} 3. Nc3 {[%clk 0:03:05]} a5 {[%clk 0:03:02]} 4. d4
{[%clk 0:03:02]} b6 {[%clk 0:03:02]} 5. g3 {[%clk 0:02:59]} Bb7 {[%clk 0:03:03]}
6. Bg2 {[%clk 0:03:01]} e6 {[%clk 0:02:56]} 7. O-O {[%clk 0:03:00]} Nf6
{[%clk 0:02:51]} 8. Re1 {[%clk 0:02:59]} O-O {[%clk 0:02:38]} 9. e4
{[%clk 0:03:00]} d6 {[%clk 0:02:26]} 10. h3 {[%clk 0:02:44]} Nbd7
{[%clk 0:02:15]} 11. Bg5 {[%clk 0:02:44]} h6 {[%clk 0:01:56]} 12. Bd2
{[%clk 0:02:34]} c5 13. e5 {[%clk 0:02:11]} dxe5 {[%clk 0:00:38]} 14. dxe5
{[%clk 0:02:12]} Ne8 {[%clk 0:00:39]} 15. Qe2 {[%clk 0:01:58]} Nc7
{[%clk 0:00:36]} 16. Rad1 {[%clk 0:01:55]} Qe7 {[%clk 0:00:34]} 17. h4
{[%clk 0:01:44]} Rad8 {[%clk 0:00:31]} 18. Bf4 {[%clk 0:01:44]} Nb8
{[%clk 0:00:22]} 19. Ne4 {[%clk 0:01:39]} Rxd1 {[%clk 0:00:15]} 20. Rxd1
{[%clk 0:01:40]} Nd7 {[%clk 0:00:11]} 21. Nd6 {[%clk 0:01:35]} Ba8
{[%clk 0:00:12]} 22. b3 {[%clk 0:01:11]} Rd8 {[%clk 0:00:13]} 23. Ne4
{[%clk 0:01:01]} Ne8 {[%clk 0:00:13]} 24. Nh2 {[%clk 0:00:40]} Nxe5
{[%clk 0:00:08]} 25. Rxd8 {[%clk 0:00:13]} Qxd8 {[%clk 0:00:09]} 26. Nxc5
{[%clk 0:00:08]} Bxg2 {[%clk 0:00:08]} 27. Kxg2 {[%clk 0:00:08]} bxc5
{[%clk 0:00:06]} 28. Bxe5 {[%clk 0:00:09]} Nf6 {[%clk 0:00:05]} 29. Bxf6
{[%clk 0:00:07]} Bxf6 {[%clk 0:00:06]} 30. Nf3 {[%clk 0:00:08]} Qc7
{[%clk 0:00:05]} 31. Qd2 {[%clk 0:00:07]} Bg7 {[%clk 0:00:04]} 32. Qe3
{[%clk 0:00:04]} Qc6 {[%clk 0:00:05]} 33. Qd3 {[%clk 0:00:04]} Qb7
{[%clk 0:00:05]} 34. Qd8+ {[%clk 0:00:05]} Kh7 {[%clk 0:00:07]} 35. Qxa5
{[%clk 0:00:06]} Qe4 {[%clk 0:00:07]} 36. Qxc5 {[%clk 0:00:05]} Qb1
{[%clk 0:00:07]} 37. Qe7 {[%clk 0:00:03]} Qf5 {[%clk 0:00:07]} 38. a4
{[%clk 0:00:03]} Kg8 {[%clk 0:00:06]} 39. Qe8+ {[%clk 0:00:04]} Bf8 40. a5
{[%clk 0:00:05]} Qxa5 {[%clk 0:00:07]} 41. Qb5 {[%clk 0:00:05]} Qc3
{[%clk 0:00:08]} 42. b4 {[%clk 0:00:06]} Qxb4 {[%clk 0:00:08]} 43. Qxb4
{[%clk 0:00:06]} Bxb4 {[%clk 0:00:08]} 44. Nd4 {[%clk 0:00:07]} Kf8
{[%clk 0:00:09]} 45. Kf3 {[%clk 0:00:08]} Ke8 {[%clk 0:00:09]} 46. Ke4
{[%clk 0:00:09]} Kd7 {[%clk 0:00:10]} 47. f4 {[%clk 0:00:10]} Bc5
{[%clk 0:00:11]} 48. Nf3 {[%clk 0:00:09]} Bf2 {[%clk 0:00:11]} 49. Ne5+
{[%clk 0:00:09]} Ke7 {[%clk 0:00:11]} 50. Kf3 {[%clk 0:00:09]} Bd4 51. g4
{[%clk 0:00:09]} Bc5 {[%clk 0:00:08]} 52. Ke4 {[%clk 0:00:10]} Bd6
{[%clk 0:00:09]} 53. Nd3 {[%clk 0:00:09]} Kd7 {[%clk 0:00:09]} 54. h5
{[%clk 0:00:07]} gxh5 {[%clk 0:00:06]} 55. gxh5 Ke7 {[%clk 0:00:05]} 56. Ne5
{[%clk 0:00:09]} f6 {[%clk 0:00:04]} 57. Nf3 {[%clk 0:00:08]} Kd7
{[%clk 0:00:05]} 58. Nd4 {[%clk 0:00:06]} Ke7 1-0